[Event "Irena Warakomska Memorial A"]
[Site "Suwalki"]
[Date "2021.07.28"]
[Round "2"]
[White "Leniart, Arkadiusz"]
[Black "Karolczuk, Iwo"]
[Result "1/2-1/2"]
[Board "25"]
[WhiteElo "2499"]
[WhiteTitle "GM"]
[WhiteCountry "POL"]
[WhiteFideId "1124226"]
[WhiteEloChange "-4"]
[BlackElo "2129"]
[BlackCountry "POL"]
[BlackFideId "21816972"]
[BlackEloChange "8"]

1. d4 {[%clk 1:30:30]} Nf6 {[%clk 1:30:30]} 2. c4 {[%clk 1:30:30]} g6 {[%clk
1:30:30]} 3. Nc3 {[%clk 1:30:30]} Bg7 {[%clk 1:30:30]} 4. e4 {[%clk 1:30:30]} O-O
{[%clk 1:30:30]} 5. Bd3 {[%clk 1:30:30]} d6 {[%clk 1:30:30]} 6. f4 {[%clk
1:30:30]} c5 {[%clk 1:30:30]} 7. dxc5 {[%clk 1:30:30]} dxc5 {[%clk 1:30:30]} 8.
e5 {[%clk 1:30:30]} Ne8 {[%clk 1:30:30]} 9. Nf3 {[%clk 1:30:30]} Nc6 {[%clk
1:30:30]} 10. Be3 {[%clk 1:30:30]} b6 {[%clk 1:30:30]} 11. Be4 {[%clk 1:30:30]}
Bb7 {[%clk 1:30:30]} 12. h4 {[%clk 1:30:30]} Nc7 {[%clk 1:30:30]} 13. Qe2 {[%clk
1:30:30]} f5 {[%clk 1:30:30]} 14. Rd1 {[%clk 1:30:30]} Qe8 {[%clk 1:30:30]} 15.
Bc2 {[%clk 1:30:30]} Rd8 {[%clk 1:30:30]} 16. Kf2 {[%clk 1:30:30]} e6 {[%clk
1:30:30]} 17. h5 {[%clk 1:30:30]} gxh5 {[%clk 0:51:27]} 18. Rxd8 {[%clk 1:02:46]}
Qxd8 {[%clk 0:51:31]} 19. Ne1 {[%clk 0:46:36]} Qe8 {[%clk 0:47:00]} 20. Bd1
{[%clk 0:42:05]} Nd4 {[%clk 0:42:25]} 21. Qf1 {[%clk 0:35:48]} Qe7 {[%clk
0:31:54]} 22. Qg1 {[%clk 0:33:12]} Rd8 {[%clk 0:29:48]} 23. Qh2 {[%clk 0:33:32]}
h4 {[%clk 0:29:43]} 24. Kg1 {[%clk 0:31:54]} b5 {[%clk 0:27:50]} 25. Bf2 {[%clk
0:30:42]} Rd7 {[%clk 0:26:26]} 26. Bxh4 {[%clk 0:30:20]} Qf8 {[%clk 0:26:31]} 27.
cxb5 {[%clk 0:18:18]} Ncxb5 {[%clk 0:24:59]} 28. Nxb5 {[%clk 0:15:53]} Nxb5
{[%clk 0:24:42]} 29. Bb3 {[%clk 0:14:47]} c4 {[%clk 0:23:43]} 30. Bf2 {[%clk
0:09:35]} cxb3 {[%clk 0:23:03]} 31. Qxh7+ {[%clk 0:09:57]} Kf7 {[%clk 0:23:29]}
32. Qh5+ {[%clk 0:07:41]} Kg8 {[%clk 0:23:49]} 33. Qh7+ {[%clk 0:07:26]} Kf7
{[%clk 0:24:11]} 34. a4 {[%clk 0:06:37]} Nd4 {[%clk 0:22:29]} 35. Qh5+ {[%clk
0:06:59]} Kg8 {[%clk 0:22:48]} 36. Qh7+ {[%clk 0:06:34]} Kf7 {[%clk 0:23:06]} 37.
Qh5+ {[%clk 0:06:04]} Kg8 {[%clk 0:23:23]} 38. Qh7+ {[%clk 0:04:33]} 1/2-1/2

[Event "Irena Warakomska Memorial A"]
[Site "Suwalki"]
[Date "2021.07.28"]
[Round "2"]
[White "Parol, Pawel"]
[Black "Zylka, Stanislaw"]
[Result "0-1"]
[Board "26"]
[WhiteElo "2144"]
[WhiteCountry "POL"]
[WhiteFideId "1119826"]
[WhiteEloChange "-4"]
[BlackElo "2362"]
[BlackTitle "FM"]
[BlackCountry "POL"]
[BlackFideId "1189654"]
[BlackEloChange "4"]

1. d4 {[%clk 1:30:56]} Nf6 {[%clk 1:30:49]} 2. c4 {[%clk 1:30:53]} e6 {[%clk
1:31:09]} 3. g3 {[%clk 1:29:36]} d5 {[%clk 1:31:29]} 4. Nf3 {[%clk 1:29:38]} dxc4
{[%clk 1:31:51]} 5. Bg2 {[%clk 1:28:11]} a6 {[%clk 1:32:11]} 6. a4 {[%clk
1:20:40]} Nc6 {[%clk 1:29:01]} 7. O-O {[%clk 1:15:52]} Rb8 {[%clk 1:28:07]} 8.
Nc3 {[%clk 0:55:50]} Be7 {[%clk 1:22:17]} 9. e3 {[%clk 0:44:17]} O-O {[%clk
1:22:10]} 10. Nd2 {[%clk 0:42:32]} e5 {[%clk 1:10:14]} 11. d5 {[%clk 0:37:03]}
Na5 {[%clk 1:10:23]} 12. Qe2 {[%clk 0:35:40]} Bg4 {[%clk 1:07:00]} 13. f3 {[%clk
0:34:46]} Bh5 {[%clk 1:06:35]} 14. Nxc4 {[%clk 0:31:04]} Nb3 {[%clk 1:06:16]} 15.
Rb1 {[%clk 0:28:19]} Nxd5 {[%clk 1:05:39]} 16. Rd1 {[%clk 0:13:55]} Nxc3 {[%clk
1:04:48]} 17. bxc3 {[%clk 0:14:15]} Nxc1 {[%clk 1:05:09]} 18. Rbxc1 {[%clk
0:13:28]} Qe8 {[%clk 1:04:52]} 19. g4 {[%clk 0:09:41]} Bg6 {[%clk 1:05:06]} 20.
Nxe5 {[%clk 0:07:48]} Ba3 {[%clk 1:01:03]} 21. Nxg6 {[%clk 0:05:50]} Bxc1 {[%clk
1:00:57]} 22. Nxf8 {[%clk 0:06:04]} Qxe3+ {[%clk 1:00:07]} 23. Qxe3 {[%clk
0:06:13]} Bxe3+ {[%clk 1:00:29]} 24. Kf1 {[%clk 0:05:53]} Kxf8 {[%clk 1:00:40]}
25. Ke2 {[%clk 0:02:40]} Re8 {[%clk 1:00:09]} 26. Kd3 {[%clk 0:01:30]} Bf4 {[%clk
1:00:28]} 27. Kc4 {[%clk 0:00:53]} Re2 {[%clk 0:59:50]} 28. Bf1 {[%clk 0:00:33]}
Rxh2 {[%clk 1:00:01]} 29. Rd8+ {[%clk 0:00:41]} Ke7 {[%clk 1:00:28]} 30. Rb8
{[%clk 0:00:34]} b6 {[%clk 0:59:51]} 31. Kb3 {[%clk 0:00:32]} Rf2 {[%clk
0:59:45]} 32. Bxa6 {[%clk 0:00:44]} Rxf3 {[%clk 1:00:01]} 33. Kc2 {[%clk
0:00:33]} Be5 {[%clk 1:00:04]} 34. c4 {[%clk 0:00:43]} Rg3 {[%clk 1:00:20]} 35.
Rh8 {[%clk 0:00:34]} h6 {[%clk 1:00:35]} 36. Bb5 {[%clk 0:00:33]} Rxg4 {[%clk
1:00:34]} 37. Re8+ {[%clk 0:00:36]} Kf6 {[%clk 1:00:56]} 38. Rf8 {[%clk 0:00:33]}
Bd6 {[%clk 1:01:11]} 39. Re8 {[%clk 0:00:39]} h5 {[%clk 1:01:27]} 40. Rh8 {[%clk
0:30:33]} h4 {[%clk 1:31:47]} 41. Kd3 {[%clk 0:29:42]} g6 {[%clk 1:32:02]} 42.
Rh7 {[%clk 0:27:36]} Kg5 {[%clk 1:32:08]} 43. Rxf7 {[%clk 0:27:16]} h3 {[%clk
1:32:24]} 44. Rh7 {[%clk 0:26:41]} Rh4 {[%clk 1:31:55]} 45. Rxh4 {[%clk 0:24:18]}
Kxh4 {[%clk 1:32:22]} 46. Be8 {[%clk 0:21:27]} g5 {[%clk 1:32:33]} 47. Ke2 {[%clk
0:21:47]} Kg3 {[%clk 1:32:51]} 48. Kf1 {[%clk 0:16:10]} Bc5 {[%clk 1:33:15]} 49.
Bc6 {[%clk 0:15:54]} g4 {[%clk 1:33:38]} 50. Bd7 {[%clk 0:16:09]} Kh4 {[%clk
1:33:52]} 51. Bc6 {[%clk 0:16:04]} g3 {[%clk 1:34:14]} 0-1

[Event "Irena Warakomska Memorial A"]
[Site "Suwalki"]
[Date "2021.07.28"]
[Round "2"]
[White "Stanisz, Patryk"]
[Black "Paprocki, Jaroslaw"]
[Result "1-0"]
[Board "27"]
[WhiteElo "2140"]
[WhiteCountry "POL"]
[WhiteFideId "1123106"]
[WhiteEloChange "13"]
[BlackElo "2231"]
[BlackCountry "POL"]
[BlackFideId "1122274"]
[BlackEloChange "-13"]

1. d4 {[%clk 1:30:52]} Nf6 {[%clk 1:30:45]} 2. c4 {[%clk 1:31:11]} e6 {[%clk
1:31:05]} 3. Nc3 {[%clk 1:31:10]} Bb4 {[%clk 1:31:13]} 4. f3 {[%clk 1:31:17]} d5
{[%clk 1:29:21]} 5. a3 {[%clk 1:31:29]} Be7 {[%clk 1:29:00]} 6. e4 {[%clk
1:31:28]} dxe4 {[%clk 1:29:17]} 7. fxe4 {[%clk 1:31:51]} e5 {[%clk 1:29:42]} 8.
d5 {[%clk 1:32:13]} Bc5 {[%clk 1:29:56]} 9. Nf3 {[%clk 1:32:20]} Bg4 {[%clk
1:29:55]} 10. h3 {[%clk 1:27:47]} Bxf3 {[%clk 1:29:58]} 11. Qxf3 {[%clk 1:28:02]}
a5 {[%clk 1:29:31]} 12. Bd3 {[%clk 1:23:37]} Nbd7 {[%clk 1:29:42]} 13. Bg5 {[%clk
1:13:47]} h6 {[%clk 1:10:28]} 14. Bd2 {[%clk 1:13:46]} Qe7 {[%clk 0:58:08]} 15.
Nb5 {[%clk 0:54:24]} Nb6 {[%clk 0:50:20]} 16. Rc1 {[%clk 0:43:06]} O-O {[%clk
0:43:09]} 17. g4 {[%clk 0:37:21]} Nh7 {[%clk 0:37:52]} 18. h4 {[%clk 0:36:42]} f6
{[%clk 0:38:05]} 19. Rc2 {[%clk 0:30:25]} Nc8 {[%clk 0:34:44]} 20. Nc3 {[%clk
0:29:32]} a4 {[%clk 0:31:51]} 21. Ne2 {[%clk 0:29:14]} Nd6 {[%clk 0:29:51]} 22.
Ng3 {[%clk 0:27:26]} Rf7 {[%clk 0:24:52]} 23. Bc1 {[%clk 0:21:36]} Qd7 {[%clk
0:21:56]} 24. Be2 {[%clk 0:16:50]} g5 {[%clk 0:19:41]} 25. Nf5 {[%clk 0:12:55]}
Nxf5 {[%clk 0:19:41]} 26. gxf5 {[%clk 0:13:17]} Nf8 {[%clk 0:15:45]} 27. Qg3
{[%clk 0:11:42]} Rg7 {[%clk 0:14:59]} 28. Bh5 {[%clk 0:11:16]} c6 {[%clk
0:11:22]} 29. hxg5 {[%clk 0:10:03]} hxg5 {[%clk 0:11:22]} 30. Rch2 {[%clk
0:08:49]} Rh7 {[%clk 0:05:59]} 31. Bg6 {[%clk 0:04:25]} Rxh2 {[%clk 0:06:08]} 32.
Qxh2 {[%clk 0:04:53]} Qg7 {[%clk 0:06:19]} 33. Bh5 {[%clk 0:04:00]} cxd5 {[%clk
0:06:27]} 34. cxd5 {[%clk 0:04:28]} Rc8 {[%clk 0:06:45]} 35. Kd1 {[%clk 0:03:34]}
Bd4 {[%clk 0:06:02]} 36. Be2 {[%clk 0:02:20]} Rc5 {[%clk 0:02:43]} 37. Bd3 {[%clk
0:02:26]} Qc7 {[%clk 0:02:01]} 38. Qh8+ {[%clk 0:02:21]} Kf7 {[%clk 0:02:21]} 39.
Bd2 {[%clk 0:02:45]} Bxb2 {[%clk 0:02:04]} 40. Rh6 {[%clk 0:31:48]} Qb6 {[%clk
0:31:17]} 41. Bb4 {[%clk 0:18:39]} Bd4 {[%clk 0:18:38]} 42. Be2 {[%clk 0:17:55]}
g4 {[%clk 0:16:45]} 43. Bxg4 {[%clk 0:13:40]} 1-0

[Event "Irena Warakomska Memorial A"]
[Site "Suwalki"]
[Date "2021.07.28"]
[Round "2"]
[White "Mulet, Piotr"]
[Black "Maj, Pawel"]
[Result "1-0"]
[Board "28"]
[WhiteElo "2215"]
[WhiteTitle "FM"]
[WhiteCountry "POL"]
[WhiteFideId "1106244"]
[WhiteEloChange "7"]
[BlackElo "2113"]
[BlackCountry "POL"]
[BlackFideId "21818290"]
[BlackEloChange "-7"]

1. c4 {[%clk 1:30:57]} e5 {[%clk 1:30:48]} 2. Nc3 {[%clk 1:31:15]} Nc6 {[%clk
1:31:10]} 3. Nf3 {[%clk 1:31:33]} Nf6 {[%clk 1:31:00]} 4. e4 {[%clk 1:31:21]} Bb4
{[%clk 1:29:31]} 5. d3 {[%clk 1:31:28]} d6 {[%clk 1:28:28]} 6. Bd2 {[%clk
1:28:06]} a5 {[%clk 1:23:54]} 7. Be2 {[%clk 1:24:34]} h6 {[%clk 1:20:08]} 8. h3
{[%clk 1:22:09]} Be6 {[%clk 1:18:15]} 9. Nd5 {[%clk 1:19:54]} Bxd2+ {[%clk
1:17:51]} 10. Qxd2 {[%clk 1:20:16]} Bxd5 {[%clk 1:10:40]} 11. cxd5 {[%clk
1:20:33]} Ne7 {[%clk 1:11:01]} 12. O-O {[%clk 1:20:51]} c5 {[%clk 1:02:32]} 13.
Ne1 {[%clk 1:16:15]} g5 {[%clk 0:56:19]} 14. Nc2 {[%clk 1:16:00]} Rg8 {[%clk
0:55:03]} 15. Ne3 {[%clk 1:13:09]} h5 {[%clk 0:49:45]} 16. Kh2 {[%clk 1:12:56]}
g4 {[%clk 0:44:58]} 17. f4 {[%clk 1:13:05]} Ng6 {[%clk 0:37:42]} 18. fxe5 {[%clk
1:12:26]} Nxe5 {[%clk 0:36:08]} 19. Nf5 {[%clk 1:01:38]} Rg6 {[%clk 0:35:40]} 20.
d4 {[%clk 0:54:21]} cxd4 {[%clk 0:34:18]} 21. Qxd4 {[%clk 0:54:48]} Kf8 {[%clk
0:32:30]} 22. Rac1 {[%clk 0:53:42]} Nfd7 {[%clk 0:29:43]} 23. Qe3 {[%clk
0:50:20]} b6 {[%clk 0:24:29]} 24. hxg4 {[%clk 0:42:26]} Nf6 {[%clk 0:18:53]} 25.
Qf4 {[%clk 0:38:09]} hxg4 {[%clk 0:18:59]} 26. Nh4 {[%clk 0:36:24]} Kg7 {[%clk
0:16:27]} 27. Nxg6 {[%clk 0:26:06]} Nxg6 {[%clk 0:15:06]} 28. Qxf6+ {[%clk
0:21:50]} Qxf6 {[%clk 0:15:31]} 29. Rxf6 {[%clk 0:22:14]} Kxf6 {[%clk 0:15:58]}
30. Bxg4 {[%clk 0:22:29]} Ne5 {[%clk 0:15:18]} 31. Be2 {[%clk 0:21:15]} Nd7
{[%clk 0:11:31]} 32. Rc6 {[%clk 0:15:51]} Ke5 {[%clk 0:11:39]} 33. Rc7 {[%clk
0:15:15]} Nc5 {[%clk 0:11:13]} 34. Rxf7 {[%clk 0:15:21]} Rh8+ {[%clk 0:10:15]}
35. Kg1 {[%clk 0:15:44]} Kxe4 {[%clk 0:09:32]} 36. Bf3+ {[%clk 0:15:49]} Kd3
{[%clk 0:08:48]} 37. Re7 {[%clk 0:12:15]} a4 {[%clk 0:07:46]} 38. Re2 {[%clk
0:10:25]} b5 {[%clk 0:05:36]} 39. g4 {[%clk 0:09:56]} b4 {[%clk 0:04:56]} 40. g5
{[%clk 0:36:31]} Rg8 {[%clk 0:33:44]} 41. Rg2 {[%clk 0:36:46]} Ke3 {[%clk
0:28:57]} 42. Bd1 {[%clk 0:31:27]} Ke4 {[%clk 0:23:27]} 43. Bh5 {[%clk 0:24:46]}
Rg7 {[%clk 0:20:28]} 44. Be8 {[%clk 0:23:24]} Kxd5 {[%clk 0:17:24]} 45. g6 {[%clk
0:23:49]} Ke5 {[%clk 0:16:31]} 46. Bf7 {[%clk 0:23:21]} Ne4 {[%clk 0:15:31]} 47.
Kf1 {[%clk 0:20:35]} d5 {[%clk 0:14:37]} 48. Ke2 {[%clk 0:20:38]} Nd6 {[%clk
0:10:12]} 49. Rf2 {[%clk 0:19:55]} Ne4 {[%clk 0:10:15]} 50. Rf3 {[%clk 0:18:44]}
Ng5 {[%clk 0:09:50]} 51. Rf1 {[%clk 0:19:05]} Ne4 {[%clk 0:09:24]} 52. Ke3 {[%clk
0:18:22]} Nd6 {[%clk 0:09:00]} 53. Kd3 {[%clk 0:17:32]} Ne4 {[%clk 0:05:59]} 54.
Re1 {[%clk 0:17:47]} Kf4 {[%clk 0:03:57]} 55. Kd4 {[%clk 0:17:28]} a3 {[%clk
0:04:19]} 56. Kxd5 {[%clk 0:16:17]} Nf6+ {[%clk 0:04:00]} 57. Ke6 {[%clk
0:16:23]} Ne4 {[%clk 0:04:14]} 58. Rxe4+ {[%clk 0:15:47]} Kxe4 {[%clk 0:04:40]}
59. bxa3 {[%clk 0:16:10]} bxa3 {[%clk 0:05:03]} 60. Kf6 {[%clk 0:16:35]} Rxg6+
{[%clk 0:05:18]} 61. Bxg6+ {[%clk 0:16:56]} Kd5 {[%clk 0:05:31]} 1-0

[Event "Irena Warakomska Memorial A"]
[Site "Suwalki"]
[Date "2021.07.28"]
[Round "2"]
[White "Indriunas, Matas"]
[Black "Krzywda, Andrzej"]
[Result "1/2-1/2"]
[Board "29"]
[WhiteElo "2210"]
[WhiteCountry "LTU"]
[WhiteFideId "12812897"]
[WhiteEloChange "-3"]
[BlackElo "2105"]
[BlackTitle "CM"]
[BlackCountry "POL"]
[BlackFideId "1114565"]
[BlackEloChange "3"]

1. e4 {[%clk 1:30:54]} c5 {[%clk 1:30:56]} 2. Nf3 {[%clk 1:31:08]} Nc6 {[%clk
1:31:20]} 3. d4 {[%clk 1:31:19]} cxd4 {[%clk 1:31:45]} 4. Nxd4 {[%clk 1:31:45]}
g6 {[%clk 1:32:01]} 5. c4 {[%clk 1:31:51]} Nf6 {[%clk 1:31:44]} 6. Nc3 {[%clk
1:32:10]} d6 {[%clk 1:31:28]} 7. Be2 {[%clk 1:32:14]} Nxd4 {[%clk 1:31:49]} 8.
Qxd4 {[%clk 1:32:38]} Bg7 {[%clk 1:32:13]} 9. Be3 {[%clk 1:32:51]} O-O {[%clk
1:32:34]} 10. Qd2 {[%clk 1:33:12]} a5 {[%clk 1:32:44]} 11. O-O {[%clk 1:32:57]}
a4 {[%clk 1:32:41]} 12. Rad1 {[%clk 1:32:56]} Qa5 {[%clk 1:30:47]} 13. Bd4 {[%clk
1:32:02]} Be6 {[%clk 1:29:44]} 14. f4 {[%clk 1:31:33]} Rfc8 {[%clk 1:30:04]} 15.
b3 {[%clk 1:30:35]} axb3 {[%clk 1:29:50]} 16. axb3 {[%clk 1:30:58]} Qa3 {[%clk
1:29:00]} 17. f5 {[%clk 1:26:08]} Bd7 {[%clk 1:29:12]} 18. Bxf6 {[%clk 1:20:29]}
Bxf6 {[%clk 1:29:10]} 19. Nd5 {[%clk 1:20:31]} Bc6 {[%clk 1:29:26]} 20. Nxf6+
{[%clk 1:15:57]} exf6 {[%clk 1:29:49]} 21. fxg6 {[%clk 1:14:06]} hxg6 {[%clk
1:28:10]} 22. Qd4 {[%clk 0:44:59]} Qc5 {[%clk 1:11:53]} 23. Rxf6 {[%clk 0:37:27]}
Ra2 {[%clk 0:46:38]} 24. Rf2 {[%clk 0:29:36]} Re8 {[%clk 0:31:41]} 25. Qxd6
{[%clk 0:25:21]} Qe3 {[%clk 0:25:40]} 26. Qd3 {[%clk 0:23:29]} Rxe4 {[%clk
0:24:28]} 27. Qxe3 {[%clk 0:23:39]} Rxe3 {[%clk 0:24:52]} 28. Bf3 {[%clk
0:22:17]} Rxf2 {[%clk 0:16:54]} 29. Kxf2 {[%clk 0:21:34]} Rxb3 {[%clk 0:16:50]}
30. Bxc6 {[%clk 0:21:52]} bxc6 {[%clk 0:17:00]} 31. Rd6 {[%clk 0:21:49]} Kf8
{[%clk 0:13:51]} 32. Rxc6 {[%clk 0:20:57]} Ke7 {[%clk 0:14:07]} 33. Rc7+ {[%clk
0:17:46]} Ke6 {[%clk 0:13:42]} 34. h4 {[%clk 0:17:08]} Rc3 {[%clk 0:12:32]} 35.
g3 {[%clk 0:15:50]} f6 {[%clk 0:10:06]} 36. Rc6+ {[%clk 0:08:00]} Kf5 {[%clk
0:09:12]} 37. c5 {[%clk 0:07:04]} Rc2+ {[%clk 0:04:17]} 38. Kf3 {[%clk 0:07:20]}
Rc3+ {[%clk 0:04:37]} 39. Kg2 {[%clk 0:06:26]} g5 {[%clk 0:01:19]} 40. hxg5
{[%clk 0:34:46]} fxg5 {[%clk 0:31:11]} 41. Rc8 {[%clk 0:32:04]} Kg4 {[%clk
0:29:01]} 1/2-1/2

[Event "Irena Warakomska Memorial A"]
[Site "Suwalki"]
[Date "2021.07.28"]
[Round "2"]
[White "Valantiejus, Vaidotas"]
[Black "Kumala, Aleksander"]
[Result "1-0"]
[Board "30"]
[WhiteElo "2124"]
[WhiteCountry "LTU"]
[WhiteFideId "12807370"]
[WhiteEloChange "12"]
[BlackElo "2206"]
[BlackTitle "CM"]
[BlackCountry "POL"]
[BlackFideId "1141880"]
[BlackEloChange "-12"]

1. e4 {[%clk 1:30:55]} e5 {[%clk 1:30:55]} 2. Nf3 {[%clk 1:31:16]} Nf6 {[%clk
1:31:19]} 3. Nxe5 {[%clk 1:31:29]} d6 {[%clk 1:31:44]} 4. Nf3 {[%clk 1:31:52]}
Nxe4 {[%clk 1:32:08]} 5. d4 {[%clk 1:30:15]} d5 {[%clk 1:32:32]} 6. Bd3 {[%clk
1:30:34]} Nc6 {[%clk 1:32:57]} 7. O-O {[%clk 1:30:28]} Be7 {[%clk 1:33:14]} 8.
Nbd2 {[%clk 1:28:30]} Nxd2 {[%clk 1:28:34]} 9. Bxd2 {[%clk 1:28:37]} Bg4 {[%clk
1:28:49]} 10. c3 {[%clk 1:28:41]} Qd6 {[%clk 1:17:58]} 11. Re1 {[%clk 1:27:43]}
Qf6 {[%clk 1:16:17]} 12. Bg5 {[%clk 1:25:28]} Qxg5 {[%clk 1:14:52]} 13. Nxg5
{[%clk 1:25:55]} Bxd1 {[%clk 1:15:12]} 14. Raxd1 {[%clk 1:26:20]} h6 {[%clk
1:12:19]} 15. Nf3 {[%clk 1:26:34]} O-O-O {[%clk 1:11:31]} 16. Bb5 {[%clk
1:23:22]} Bf6 {[%clk 1:10:52]} 17. Bxc6 {[%clk 1:22:37]} bxc6 {[%clk 1:11:16]}
18. Ne5 {[%clk 1:22:49]} Bxe5 {[%clk 1:11:07]} 19. Rxe5 {[%clk 1:23:11]} Rhe8
{[%clk 1:11:18]} 20. Rde1 {[%clk 1:23:28]} Rxe5 {[%clk 1:11:37]} 21. Rxe5 {[%clk
1:23:53]} Kd7 {[%clk 1:11:57]} 22. Kf1 {[%clk 1:20:01]} Kd6 {[%clk 1:06:29]} 23.
b4 {[%clk 1:17:51]} a5 {[%clk 0:59:01]} 24. a3 {[%clk 1:16:43]} Ra8 {[%clk
0:59:25]} 25. Re3 {[%clk 1:16:50]} h5 {[%clk 0:57:55]} 26. f4 {[%clk 1:14:31]} g6
{[%clk 0:57:27]} 27. Kf2 {[%clk 1:13:45]} a4 {[%clk 0:54:36]} 28. Ke2 {[%clk
0:58:08]} Rg8 {[%clk 0:53:22]} 29. Kd3 {[%clk 0:52:11]} Rb8 {[%clk 0:44:39]} 30.
c4 {[%clk 0:50:10]} f6 {[%clk 0:44:05]} 31. Re2 {[%clk 0:44:24]} h4 {[%clk
0:36:36]} 32. Re3 {[%clk 0:42:52]} Rh8 {[%clk 0:34:22]} 33. Kc3 {[%clk 0:40:22]}
Rh5 {[%clk 0:32:46]} 34. cxd5 {[%clk 0:35:23]} Kxd5 {[%clk 0:30:37]} 35. Re7
{[%clk 0:33:53]} Rf5 {[%clk 0:30:15]} 36. Rd7+ {[%clk 0:28:41]} Ke6 {[%clk
0:28:42]} 37. Rxc7 {[%clk 0:28:26]} Kd6 {[%clk 0:28:45]} 38. Rg7 {[%clk 0:28:16]}
Rxf4 {[%clk 0:28:11]} 39. Rxg6 {[%clk 0:28:25]} Kd5 {[%clk 0:24:50]} 40. Rh6
{[%clk 0:43:55]} f5 {[%clk 0:53:21]} 41. Rh5 {[%clk 0:41:21]} Rf2 {[%clk
0:48:37]} 42. Rxh4 {[%clk 0:19:05]} Ra2 {[%clk 0:48:21]} 43. Rf4 {[%clk 0:18:12]}
Rxa3+ {[%clk 0:48:39]} 44. Kc2 {[%clk 0:16:11]} Ra2+ {[%clk 0:46:15]} 45. Kc3
{[%clk 0:15:46]} Ra3+ {[%clk 0:44:41]} 46. Kb2 {[%clk 0:07:51]} Re3 {[%clk
0:44:21]} 47. Rxf5+ {[%clk 0:07:52]} Kxd4 {[%clk 0:43:10]} 48. Rf4+ {[%clk
0:08:02]} Kd5 {[%clk 0:43:15]} 49. Rg4 {[%clk 0:08:20]} Ke5 {[%clk 0:40:40]} 50.
Ka2 {[%clk 0:08:11]} Rb3 {[%clk 0:36:33]} 51. h4 {[%clk 0:08:14]} Rd3 {[%clk
0:25:57]} 52. h5 {[%clk 0:08:18]} Kf5 {[%clk 0:25:59]} 53. Rg6 {[%clk 0:08:26]}
Rc3 {[%clk 0:22:51]} 54. g4+ {[%clk 0:08:33]} Ke5 {[%clk 0:22:37]} 55. h6 {[%clk
0:08:54]} Kd5 {[%clk 0:21:52]} 56. h7 {[%clk 0:08:53]} Rh3 {[%clk 0:21:59]} 57.
Rg5+ {[%clk 0:09:13]} 1-0

[Event "Irena Warakomska Memorial A"]
[Site "Suwalki"]
[Date "2021.07.28"]
[Round "2"]
[White "Shilov, Sergej"]
[Black "Golenia, Wojciech"]
[Result "1/2-1/2"]
[Board "31"]
[WhiteElo "2197"]
[WhiteTitle "FM"]
[WhiteCountry "UKR"]
[WhiteFideId "14101505"]
[WhiteEloChange "-3"]
[BlackElo "2102"]
[BlackCountry "POL"]
[BlackFideId "1175300"]
[BlackEloChange "3"]

1. c4 {[%clk 1:30:41]} Nf6 {[%clk 1:22:36]} 2. Nc3 {[%clk 1:30:12]} c5 {[%clk
1:20:19]} 3. Nf3 {[%clk 1:29:48]} Nc6 {[%clk 1:16:28]} 4. d4 {[%clk 1:29:08]}
cxd4 {[%clk 1:16:32]} 5. Nxd4 {[%clk 1:29:35]} a6 {[%clk 1:16:00]} 6. g3 {[%clk
1:24:46]} d6 {[%clk 1:13:27]} 7. Bg2 {[%clk 1:24:32]} Bd7 {[%clk 1:13:20]} 8. O-O
{[%clk 1:23:29]} g6 {[%clk 1:13:13]} 9. b3 {[%clk 1:16:33]} Bg7 {[%clk 1:09:49]}
10. Bb2 {[%clk 1:16:22]} O-O {[%clk 1:09:35]} 11. e4 {[%clk 1:06:38]} Qa5 {[%clk
1:07:29]} 12. Nd5 {[%clk 1:04:28]} Nxd5 {[%clk 0:51:41]} 13. exd5 {[%clk
1:03:09]} Nxd4 {[%clk 0:50:52]} 14. Bxd4 {[%clk 1:03:31]} Bxd4 {[%clk 0:43:21]}
15. Qxd4 {[%clk 1:03:58]} Rfe8 {[%clk 0:41:16]} 16. a3 {[%clk 0:54:01]} Rac8
{[%clk 0:38:13]} 17. b4 {[%clk 0:53:32]} Qc7 {[%clk 0:34:54]} 18. Rac1 {[%clk
0:52:39]} b6 {[%clk 0:33:56]} 19. Rfe1 {[%clk 0:52:27]} Qa7 {[%clk 0:30:41]} 20.
Qh4 {[%clk 0:51:36]} e6 {[%clk 0:12:40]} 21. Qf6 {[%clk 0:43:33]} b5 {[%clk
0:11:47]} 22. Bf1 {[%clk 0:36:02]} Qb6 {[%clk 0:09:21]} 23. h4 {[%clk 0:33:49]}
bxc4 {[%clk 0:07:14]} 24. Bxc4 {[%clk 0:33:47]} e5 {[%clk 0:05:40]} 25. h5 {[%clk
0:33:57]} gxh5 {[%clk 0:03:57]} 26. Qg5+ {[%clk 0:33:04]} Kh8 {[%clk 0:03:59]}
27. Qf6+ {[%clk 0:30:11]} Kg8 {[%clk 0:04:25]} 28. Qg5+ {[%clk 0:26:25]} Kh8
{[%clk 0:04:51]} 29. Qf6+ {[%clk 0:23:35]} 1/2-1/2

[Event "Irena Warakomska Memorial A"]
[Site "Suwalki"]
[Date "2021.07.28"]
[Round "2"]
[White "Golenia, Jan"]
[Black "Kukula, Pawel"]
[Result "1-0"]
[Board "32"]
[WhiteElo "2103"]
[WhiteCountry "POL"]
[WhiteFideId "21800227"]
[WhiteEloChange "13"]
[BlackElo "2195"]
[BlackCountry "POL"]
[BlackFideId "1115081"]
[BlackEloChange "-13"]

1. c4 {[%clk 1:23:08]} c5 {[%clk 1:30:06]} 2. Nc3 {[%clk 1:23:07]} Nc6 {[%clk
1:30:09]} 3. g3 {[%clk 1:22:05]} g6 {[%clk 1:30:20]} 4. Bg2 {[%clk 1:22:30]} Bg7
{[%clk 1:30:43]} 5. Nf3 {[%clk 1:22:12]} e5 {[%clk 1:30:56]} 6. O-O {[%clk
1:21:41]} d6 {[%clk 1:31:20]} 7. d3 {[%clk 1:20:43]} Nge7 {[%clk 1:31:40]} 8. a3
{[%clk 1:20:59]} a5 {[%clk 1:31:55]} 9. Rb1 {[%clk 1:18:32]} O-O {[%clk 1:32:13]}
10. Ne1 {[%clk 1:18:18]} Be6 {[%clk 1:27:28]} 11. Nc2 {[%clk 1:16:38]} d5 {[%clk
1:26:21]} 12. cxd5 {[%clk 1:14:20]} Nxd5 {[%clk 1:26:44]} 13. Ne3 {[%clk
1:14:13]} Nde7 {[%clk 1:21:52]} 14. Nc4 {[%clk 1:11:56]} h6 {[%clk 1:18:39]} 15.
Be3 {[%clk 1:06:55]} b6 {[%clk 1:18:37]} 16. Qd2 {[%clk 0:41:15]} Kh7 {[%clk
1:18:52]} 17. Rfc1 {[%clk 0:41:09]} Rb8 {[%clk 1:16:12]} 18. Qd1 {[%clk 0:35:09]}
Qd7 {[%clk 1:05:26]} 19. Na4 {[%clk 0:31:44]} Nc8 {[%clk 0:55:48]} 20. Ncxb6
{[%clk 0:27:54]} Nxb6 {[%clk 0:48:30]} 21. Nxc5 {[%clk 0:25:57]} Qe8 {[%clk
0:43:37]} 22. Nxe6 {[%clk 0:26:04]} fxe6 {[%clk 0:43:49]} 23. Bxc6 {[%clk
0:25:00]} Qf7 {[%clk 0:44:09]} 24. Bf3 {[%clk 0:24:16]} Nd5 {[%clk 0:44:32]} 25.
Bd2 {[%clk 0:23:24]} Qa7 {[%clk 0:35:05]} 26. Rc4 {[%clk 0:20:56]} Rb5 {[%clk
0:30:01]} 27. b4 {[%clk 0:18:45]} axb4 {[%clk 0:30:23]} 28. axb4 {[%clk 0:19:13]}
Rb7 {[%clk 0:22:19]} 29. Rc6 {[%clk 0:15:41]} Rd7 {[%clk 0:09:02]} 30. Qc2 {[%clk
0:13:45]} e4 {[%clk 0:05:36]} 31. dxe4 {[%clk 0:13:28]} Ne7 {[%clk 0:05:57]} 32.
Be3 {[%clk 0:10:18]} Qa3 {[%clk 0:01:48]} 33. Rc4 {[%clk 0:08:21]} Ng8 {[%clk
0:01:12]} 34. b5 {[%clk 0:08:30]} Nf6 {[%clk 0:01:14]} 35. Bc5 {[%clk 0:08:50]}
1-0